[Event "Charleroi op"]
[Site "Charleroi"]
[Date "2018.07.28"]
[Round "1"]
[White "Godry, Clement"]
[Black "De Block, Yordi"]
[Result "0-1"]
[WhiteElo "1940"]
[BlackElo "2129"]
[PlyCount "60"]
[EventDate "2018.07.28"]
[EventType "swiss"]
[EventRounds "9"]
[EventCountry "BEL"]
[SourceTitle "CBM 185 Extra"]
[Source "ChessBase"]
[SourceDate "2018.07.29"]
[SourceVersion "1"]
[SourceVersionDate "2018.07.29"]
[SourceQuality "1"]

1. Nf3 Nf6 2. e3 d5 3. c4 c6 4. Nc3 Bg4 5. d4 e6 6. a3 Bd6 7. h3 Bh5 8. Be2 Nbd7 9. Qc2 Bg6 10. Bd3 dxc4 11. Bxg6 hxg6 12. e4 e5 13. Bg5 exd4 14. Nxd4 Ne5 15. 0-0-0 Nd3+ 16. Kb1 Bxa3 17. Rxd3 cxd3 18. Qa4 Be7 19. e5 Nd5 20. Nxd5 Qxd5 21. Bxe7 Kxe7 22. e6 Rhd8 23. Qa3+ c5 24. Nb5 d2 25. Nc3 Qd3+ 26. Ka1 Rac8 27. Qb3 Qa6+ 28. Kb1 Qxe6 29. Qxb7+ Kf8 30. Qxa7 Qf5+ 0-1